000
00245nam a2200097Ia 4500
008
220204s9999 xx 000 0 und d
082
_a
65(058)(548.3)
_b
BUS
245
0
_a
Business directory: Kerala
260
_a
Kerala
_b
National
_c
1980
942
_c
BK
999
_c
35032
_d
35032